000 00610 a2200193 4500
003 NUST
005 20221028130654.0
010 _a 74011710
020 _a0395185831
040 _cNust
082 0 0 _a510,BEB
100 1 _aBernkopf, Michael.
_9101637
245 1 0 _aMathematics :
_ban appreciation /
_cMichael Bernkopf.
260 _aUSA
_bHoughton Mifflin,
_c[1975]
300 _axi, 276 p. :
_bill. ;
_c24 cm.
505 _aPart-1: Mathematics: What is it? (Page-1), Part-2: Old Acquaintances Revisited (Page-27), Part-3: Some Things New (Page-91).
650 0 _aMathematics.
942 _2ddc
_cBK
_k510,BEB
999 _c179807
_d179807